Normal view
MARC view
Entry Término temático
001 - NÚMERO DE CONTROL
- campo de control: 114284
003 - IDENTIFICADOR DE NÚMERO DE CONTROL
- campo de control: mxcmmo
005 - FECHA Y HORA DE LA ÚLTIMA TRANSACCIÓN
- campo de control: 20241018032136.0
008 - ELEMENTOS DE DATO DE LONGITUD-FIJA
- campo de control de longitud fija: 241018|| aca||aabn | a|a d
040 ## - FUENTE DE CATALOGACIÓN
- Centro catalogador/agencia de origen: mxcmmo
- Centro/agencia transcriptor: mxcmmo
150 ## - ENCABEZAMIENTO--TÉRMINO DE MATERIA
- Término de materia o nombre geográfico como elemento de entrada: Matrimonio
- Subdivisión general: Costumbres y ritos
- Subdivisión geográfica: Canarias, Islas
670 ## - FUENTE DE DATOS ENCONTRADOS
- Cita de la fuente: Work cat.: (mxcmmo)64236: Hernández González, Manuel autor 114283, Noviazgo y vida matrimonial en Tenerife durante el siglo XVIII